Najwyższe szczyty Beskidu Śląskiego - Statystyki

Ogólne statystyki
  • Ten quiz został rozwiązany 151 razy
  • Średni wynik to 7 z 20
Statystyki odpowiedzi
L.p. Wysokość Szczyty % Poprawnych
1 1257 Skrzyczne
97%
2 1220 Barania Góra
91%
8 1117 Klimczok
73%
9 1114 Malinów
62%
16 1028 Szyndzielnia
62%
6 1152 Malinowska Skała
56%
3 1211 Małe Skrzyczne
54%
10 1109 Magura
38%
12 1081 Trzy Kopce
35%
7 1140 Magurka Wiślańska
27%
11 1091 Magurka Radziechowska
26%
5 1152 Zielony Kopiec
24%
14 1035 Stołów
22%
15 1034 Glinne
20%
13 1035 Cebula
11%
18 1022 Kościelec
9%
17 1028 Przysłop
9%
20 1020 Jaworzyna
8%
4 1189 Kopa Skrzyczańska
7%
19 1021 Muronka
5%
Nie znaleziono quizów pasujących do podanych kryteriów
Rozkład punktacji
Procent ludzi z każdym wynikiem
Percentyl według liczby udzielonych odpowiedzi
Twoja historia wyników
Nie rozwiązałeś tego quizu